|
|
|
|
| LEADER |
00000nam0a2200000 4500 |
| 001 |
54123 |
| 005 |
20231227101149.0 |
| 035 |
|
|
|a (RuTPU)RU\TPU\book\56735
|
| 090 |
|
|
|a 54123
|
| 100 |
|
|
|a 20030630d2003 k y0rusy50 ca
|
| 101 |
0 |
|
|a rus
|
| 102 |
|
|
|a RU
|
| 105 |
|
|
|a a dm 001zy
|
| 200 |
1 |
|
|a Технологические особенности использования кварцсодержащего и щелочесодержащего сырья Западной Сибири в стекловарении
|e автореферат диссертации на соискание ученой степени кандидата технических наук
|e Спец. 05.17.11
|f И. В. Фролова
|g Томский политехнический университет ; науч. рук. В. И. Верещагин
|
| 210 |
|
|
|a Томск
|c [Б. и.]
|d 2003
|
| 215 |
|
|
|a 18 с.
|c ил.
|
| 300 |
|
|
|a Защита сост. 26.06.2003 г.
|
| 320 |
|
|
|a Библиогр.: с. 18-19 (12 назв.)
|
| 452 |
|
1 |
|0 (RuTPU)RU\TPU\book\58186
|t Технологические особенности использования кварцсодержащего и щелочесодержащего сырья Западной Сибири в стекловарении
|o Автореферат диссертации на соискание ученой степени кандидата технических наук:
|f И. В. Фролова
|g Томский политехнический университет ; науч. рук. В. И. Верещагин
|c Томск
|n Б.и.
|d 2003
|a Фролова, Ирина Владимировна
|
| 610 |
1 |
|
|a химическая технология
|
| 610 |
1 |
|
|a стекло
|
| 610 |
1 |
|
|a производство
|
| 610 |
1 |
|
|a кварцсодержащее сырье
|
| 610 |
1 |
|
|a щелочесодержащее сырье
|
| 610 |
1 |
|
|a стекольные шихты
|
| 610 |
1 |
|
|a сырьевая база
|
| 610 |
1 |
|
|a фазовые превращения
|
| 610 |
1 |
|
|a сырьевые концентраты
|
| 610 |
1 |
|
|a уплотнение
|
| 610 |
1 |
|
|a авторефераты диссертаций
|
| 610 |
1 |
|
|a труды учёных ТПУ
|
| 675 |
|
|
|a 666.12(04)
|v 3
|
| 686 |
|
|
|a 05.17.11
|2 oksvnk
|
| 700 |
|
1 |
|a Фролова
|b И. В.
|c химик-технолог
|c доцент Томского политехнического университета, кандидат технических наук
|f 1976-
|g Ирина Владимировна
|9 12993
|
| 702 |
|
1 |
|a Верещагин
|b В. И.
|4 727
|
| 712 |
0 |
2 |
|a Томский политехнический университет
|3 (RuTPU)RU\TPU\col\376
|
| 801 |
|
1 |
|a RU
|b 63413507
|c 20030630
|g PSBO
|
| 801 |
|
2 |
|a RU
|b 63413507
|c 20100625
|g PSBO
|
| 942 |
|
|
|c BK
|